LEADER 01143nam0-2200325---450- 001 990009122440403321 005 20100914095814.0 010 $a978-88-324-7120-5 035 $a000912244 035 $aFED01000912244 035 $a(Aleph)000912244FED01 035 $a000912244 100 $a20091127d2008----km-y0itay50------ba 101 0 $aita 102 $aIT 105 $aa-------001yy 200 1 $aProgettare e costruire con il fibrocemento$elastre piane in fibrocemento e legnocemento, applicazioni e tecnologia$emateriali, prodotti e loro implementazione nelle costruzioni stratificate, criteri di progetto, analisi di realizzazioni recenti, normativa di riferimento$fMatteo Brasca 210 $aMilano$cIl sole 24 ore$d2008 215 $aX, 405 p.$cill.$d24 cm 225 1 $a<>libri di Arketipo 610 0 $aStrutture in cemento 676 $a693.5 700 1$aBrasca,$bMatteo$f<1980- >$0322780 801 0$aIT$bUNINA$gRICA$2UNIMARC 901 $aBK 912 $a990009122440403321 952 $a13 48 22$b16561$fFINBC 959 $aFINBC 996 $aProgettare e costruire con il fibrocemento$9783600 997 $aUNINA LEADER 00946nam--2200349---450- 001 990002753780203316 005 20060612134508.0 010 $a0-521-01654-1 035 $a000275378 035 $aUSA01000275378 035 $a(ALEPH)000275378USA01 035 $a000275378 100 $a20060612d2004----km-y0itay50------ba 101 $aENG 102 $agb 105 $a||||||||001yy 200 1 $aAnalyzing syntax$ea lexical-functional approach$fPaul R. Kroeger 210 $aCambridge$aNew York$cCambridge University Press$d2004 215 $axiii, 324 p.$cill.$d26 cm 410 0$12001 454 1$12001 461 1$1001-------$12001 676 $a415.21 700 1$aKROEGER,$bPaul R.$0591838 801 0$aIT$bsalbc$gISBD 912 $a990002753780203316 951 $aI.8.D.4$b7779 DSLL 959 $aBK 969 $aDSLL 979 $aDSLL1$b10$c20060612$lUSA01$h1345 996 $aAnalyzing syntax$9998452 997 $aUNISA